Cómo acercarse a la música / (Record no. 41532)

MARC details
000 -CABECERA
campo de control de longitud fija 00731nam a2200217 a 4500
005 - FECHA Y HORA DE LA ÚLTIMA TRANSACCIÓN
campo de control 20240702063803.0
008 - ELEMENTOS DE LONGITUD FIJA--INFORMACIÓN GENERAL
campo de control de longitud fija 010313s2008 mx r 000 0 spa d
020 ## - NÚMERO INTERNACIONAL NORMALIZADO PARA LIBROS
Número Internacional Estándar del Libro 9789708290371 (SEP)
020 ## - NÚMERO INTERNACIONAL NORMALIZADO PARA LIBROS
Número Internacional Estándar del Libro 9688561371 (Plaza y Valdés)
035 ## - NÚMERO DE CONTROL DEL SISTEMA
Número de control de sistema UPN01000041532
049 ## - COLECCIÓN
Colección LTG
050 #4 - SIGNATURA TOPOGRÁFICA DE LA BIBLIOTECA DEL CONGRESO
Número de clasificación MT6
Número de documento/Ítem B7.3a
100 1# - ASIENTO PRINCIPAL--NOMBRE PERSONAL
Nombre de persona Brennan, Juan Arturo,
Fechas asociadas al nombre 1955-
9 (RLIN) 41941
245 10 - MENCIÓN DE TÍTULO
Título Cómo acercarse a la música /
Mención de responsabilidad, etc. Juan Arturo Brennan.
260 ## - PUBLICACIÓN, DISTRIBUCIÓN, ETC.
Lugar de publicación, distribución, etc. México :
Nombre del editor, distribuidor, etc. SEP, Subsecretaría de Educación Básica :
-- Plaza y Valdés,
Fecha de publicación, distribución, etc. c2008.
300 ## - DESCRIPCIÓN FÍSICA
Extensión 170 p. :
Otras características físicas il.
440 #0 - MENCIÓN DE SERIE/ASIENTO SECUNDARIO--TÍTULO
Título Reforma integral de la educación básica.
Nombre de parte o sección de la obra Secundaria
650 #2 - ASIENTO SECUNDARIO DE MATERIA - TERMINO TEMATICO
Término de materia o nombre geográfico como elemento de entrada Apreciación musical
9 (RLIN) 7596
650 #4 - ASIENTO SECUNDARIO DE MATERIA - TERMINO TEMATICO
Término de materia o nombre geográfico como elemento de entrada Música
Subdivisión general Estudio y enseñanza
9 (RLIN) 174
905 ## - TIPO DE MATERIAL
Tipo de material Libro
Holdings
Estado de retiro Estado de pérdida Fuente del sistema de clasificación o colocación Estado dañado No para préstamo Código de colección Localización permanente Ubicación/localización actual Ubicación en estantería Fecha de adquisición Clasificación Código de barras Fecha visto por última vez Número de copia Tipo de ítem Koha Total de préstamos Precio válido a partir de
    Library of Congress Classification   Disponible (Préstamo en sala) Libros de texto gratuitos Bib. Gregorio Torres Quintero Bib. Gregorio Torres Quintero Colecciones especiales Planta alta 03/05/2023 MT6 B7.3a 324316 31/12/2020 1 Libro    
    Library of Congress Classification   Disponible (Préstamo en sala) Libros de texto gratuitos Bib. Gregorio Torres Quintero Bib. Gregorio Torres Quintero Colecciones especiales Planta alta 03/05/2023 MT6 B7.3a 297087 31/12/2020 1 Libro    
    Library of Congress Classification   Coleccion LTG Libros de texto gratuitos Bib. Gregorio Torres Quintero Bib. Gregorio Torres Quintero Libros de Texto Gratuito 21/03/2023 MT6 B7.3a 331938 21/03/2023 Ej.3 Libro   21/03/2023